000 00311nam a2200121Ia 4500
008 240624s9999 xx 000 0 und d
041 _aeng
082 _a332.6 COB
100 _aCOBY RON
245 _aDISCOVER THE UPSIDE OF DOWN INVESTMENT S
260 _c2009
_aNew Jersey
_bJohn Wiley and Sons
365 _c
_b27
999 _c15415
_d15415